[Event "FAHIJ II"]
[Site "SchemingMind.com"]
[Date "2023.12.30"]
[Round "-"]
[White "marandreo"]
[Black "Aba"]
[Result "1-0"]
[WhiteCountry "ITA"]
[BlackCountry "ISR"]
[WhiteElo "2247"]
[WhiteRD "191"]
[BlackElo "1743"]
[BlackRD "74"]
[GameID "740708"]

1. d4 Nf6 2. c4 e6 3. Nc3 Bb4 4. Qc2 O-O 5. a3 Bxc3+ 6. Qxc3 Ne4 7. Qc2 f5 8. b3 b6 9. Nh3 h6 10. f3 Nf6
11. e3 d5 12. Nf4 Bb7 13. Nxe6
1-0

[Event "FAHIJ II"]
[Site "SchemingMind.com"]
[Date "2023.12.31"]
[Round "-"]
[White "Ronald R. Nurmi"]
[Black "Aba"]
[Result "1-0"]
[WhiteCountry "USA"]
[BlackCountry "ISR"]
[WhiteElo "1748"]
[WhiteRD "81"]
[BlackElo "1743"]
[BlackRD "74"]
[GameID "740709"]

1. d4 Nf6 2. c4 e6 3. Nf3 d5 4. Nc3 c6 5. Bg5 h6 6. Bh4 dxc4 7. e4 g5 8. Bg3 b5 9. Be2 b4 10. Na4 Nxe4
11. Be5 f6 12. Qc2 Nxf2 13. Qg6+ Kd7 14. Bxf6 Qa5 15. Qf7+ Kd6 16. Be5+ Kd5 17. Kxf2 Qxa4 18. Bxh8 Nd7 19. Qh5 Ba6 20. Rhd1 Qc2
21. Rd2 Qh7 22. Be5 Be7 23. Nxg5 Qf5+ 24. Qf3+ Qxf3+ 25. Bxf3#
1-0

[Event "FAHIJ II"]
[Site "SchemingMind.com"]
[Date "2023.12.30"]
[Round "-"]
[White "Aba"]
[Black "Phillip Beckett"]
[Result "1-0"]
[WhiteCountry "ISR"]
[BlackCountry "ENG"]
[WhiteElo "1743"]
[WhiteRD "74"]
[BlackElo "1499"]
[BlackRD "52"]
[GameID "740710"]

1. e4 e5 2. Nf3 Nc6 3. Bb5 a6 4. Ba4 Nf6 5. O-O Be7 6. Re1 b5 7. Bb3 O-O 8. c3 d5 9. exd5 Nxd5 10. Nxe5 Nxe5
11. Rxe5 Nf6 12. d4 Bd6 13. Re1 Ng4 14. g3 Nxh2 15. Bd5 Rb8 16. Kxh2 Qh4+ 17. Kg1 Bxg3 18. fxg3 Qxg3+ 19. Bg2 Bg4 20. Qd2 Rbe8
21. Re5 Rxe5 22. dxe5 Bh3 23. Qf2 Qg6 24. Bf4 f6 25. e6 Bxg2 26. Qxg2 Qd3 27. Nd2 Re8 28. Re1 Qc2 29. e7 Qf5 30. Bxc7
1-0

[Event "FAHIJ II"]
[Site "SchemingMind.com"]
[Date "2023.12.30"]
[Round "-"]
[White "Aba"]
[Black "pmdpsp"]
[Result "0-1"]
[WhiteCountry "ISR"]
[BlackCountry "GER"]
[WhiteElo "1724"]
[WhiteRD "77"]
[BlackElo "1667"]
[BlackRD "72"]
[GameID "740711"]

1. e4 g6 2. d4 Bg7 3. c4 e6 4. Nc3 Ne7 5. Nf3 O-O 6. Be2 c6 7. h3 d5 8. Bf4 dxe4 9. Nxe4 Nd7 10. g4 Nf6
11. Nd6 Ne8 12. c5 Nd5 13. Bg3 Nxd6 14. Bxd6 Re8 15. O-O b6 16. Ne5 Bb7 17. f4 Ne3 18. Qb3 Nxf1 19. Rxf1 Bf8 20. Nc4 Ba6
21. f5 Bxd6 22. cxd6 exf5 23. Ne5 Rxe5 24. Bxa6 Re4 25. gxf5 g5 26. Bb7 Qxd6 27. Bxa8 Qxd4+ 28. Rf2 Re3 29. Qc2 Re1+ 30. Kg2 Qd5+
31. Rf3 Rd1 32. Qb3 Rd2+ 33. Kg3 Qe5+ 34. Kg4 h5+ 35. Kxh5 Rg2 36. Qc3 Qe4
0-1

[Event "FAHIJ II"]
[Site "SchemingMind.com"]
[Date "2023.12.31"]
[Round "-"]
[White "malcolm chugg"]
[Black "Aba"]
[Result "0-1"]
[WhiteCountry "WLS"]
[BlackCountry "ISR"]
[WhiteElo "1134"]
[WhiteRD "52"]
[BlackElo "1743"]
[BlackRD "74"]
[GameID "740712"]

1. e3 e5 2. d4 exd4 3. exd4 d5 4. Nc3 Nf6 5. Bg5 Be7 6. f4 Nc6 7. h3 h6 8. Bxf6 Bxf6 9. Nge2 Qe7 10. Nxd5 Qd6
11. Nxf6+ Qxf6 12. d5 Na5 13. b3 O-O 14. Qd2 Qxa1+ 15. Nc1 b6 16. Be2 Re8 17. O-O Re4 18. Nd3 Qd4+ 19. Rf2 Bf5 20. g4 Bh7
21. Bf3 Re3 22. Kh1 Rae8 23. Bg2 Qa1+ 24. Rf1 Qxa2 25. Rf2 Bxd3 26. cxd3 Qxd2 27. Rxd2 Nxb3 28. Rd1 a5 29. Kh2 a4 30. Rf1 Rxd3
31. h4 a3 32. Rf2 Nd2 33. Bf1 Rxd5 34. h5 a2 35. f5 a1=Q 36. Bg2 Qe5+ 37. Kg1 Qe1+ 38. Bf1 Nxf1 39. Rxf1 Qg3+ 40. Kh1 Re2
0-1

[Event "FAHIJ II"]
[Site "SchemingMind.com"]
[Date "2023.12.30"]
[Round "-"]
[White "Aba"]
[Black "Chessibelle"]
[Result "1-0"]
[WhiteCountry "ISR"]
[BlackCountry "ENG"]
[WhiteElo "1743"]
[WhiteRD "74"]
[BlackElo "1055"]
[BlackRD "56"]
[GameID "740713"]

1. e4 e5 2. Nf3 Nc6 3. Bb5 Nge7 4. Nc3 g6 5. d4 Bg7 6. d5 Nb8 7. O-O O-O 8. Bg5 c6 9. Bc4 d6 10. h3 Qd7
11. Qd2 f6 12. dxc6+ Kh8 13. cxd7 Bxd7 14. Qxd6 Nbc6 15. Qxd7 a6 16. Bh4 Nd4 17. Qxe7 Nxc2 18. Rad1 b5 19. Rd7 f5 20. Qxg7#
1-0

[Event "FAHIJ II"]
[Site "SchemingMind.com"]
[Date "2023.12.31"]
[Round "-"]
[White "Aba"]
[Black "eliecercruzr"]
[Result "0-1"]
[WhiteCountry "ISR"]
[BlackCountry "CUB"]
[WhiteElo "1743"]
[WhiteRD "74"]
[BlackElo "2292"]
[BlackRD "59"]
[GameID "740714"]

1. e4 e5 2. Nf3 Nc6 3. Bb5 a6 4. Ba4 Nf6 5. Qe2 b5 6. Bb3 Bc5 7. c3 O-O 8. O-O d6 9. h3 Bb6 10. d3 Bd7
11. Be3 h6 12. Bxb6 cxb6 13. Nbd2 Nh5 14. Qe3 Nf4 15. Nh2 Qg5 16. Qf3 Bxh3
0-1

[Event "FAHIJ II"]
[Site "SchemingMind.com"]
[Date "2023.12.30"]
[Round "-"]
[White "Archon"]
[Black "Phillip Beckett"]
[Result "1/2-1/2"]
[WhiteCountry "CAN"]
[BlackCountry "ENG"]
[WhiteElo "1753"]
[WhiteRD "57"]
[BlackElo "1499"]
[BlackRD "52"]
[GameID "740716"]

1. d4 d5 2. Bf4 Nf6 3. e3 e6 4. Nd2 c5 5. c3 Nc6 6. Ngf3 Bd6 7. Bg3 cxd4 8. exd4 Qc7 9. Bd3 Bxg3 10. hxg3 Bd7
11. Ne5 Nxe5 12. dxe5 Qxe5+ 13. Kf1 h6 14. Nf3 Qc7 15. Qe2 a6 16. Ne5 Bc6 17. Re1 O-O-O 18. Rh4 Ne4 19. Nxc6 Qxc6 20. Bxe4 dxe4
21. Rxe4 Qd5 22. Qc4+ Qxc4+ 23. Rxc4+ Kb8 24. Ke2 Rc8 25. Rd4 Rcd8 26. Red1 Kc7 27. Rf4 f6 28. Rg4 g5 29. Rgd4 Rxd4 30. Rxd4 Rd8
31. Rxd8= Kxd8 32. Ke3 Kd7 33. Ke4 Kd6 34. Kd4 f5 35. Ke3 Kd5 36. Kd3 b5 37. f3 e5 38. g4 e4+ 39. Ke3 f4+ 40. Kd2 e3+
41. Kd3 a5 42. b3 Kc5 43. a3 a4 44. bxa4 bxa4 45. c4 Kc6 46. Kc3 Kc5 47. Kd3 Kd6 48. Kc3 Kc5 49. Kd3 Kd6 50. Kc3 Kc5=
1/2-1/2

[Event "FAHIJ II"]
[Site "SchemingMind.com"]
[Date "2023.12.30"]
[Round "-"]
[White "marandreo"]
[Black "Phillip Beckett"]
[Result "1-0"]
[WhiteCountry "ITA"]
[BlackCountry "ENG"]
[WhiteElo "2247"]
[WhiteRD "191"]
[BlackElo "1499"]
[BlackRD "52"]
[GameID "740717"]

1. d4 d5 2. c4 e6 3. Nc3 Nf6 4. cxd5 Nxd5 5. e4 Nxc3 6. bxc3 c5 7. Rb1 cxd4 8. cxd4 Qa5+ 9. Bd2 Qxa2 10. Nf3 Nc6
11. Bd3 Be7 12. O-O O-O 13. Qe2 a5 14. Ra1 Qb3 15. Rfb1 Qxb1+ 16. Bxb1 Bd7 17. d5 exd5 18. exd5
1-0

[Event "FAHIJ II"]
[Site "SchemingMind.com"]
[Date "2023.12.30"]
[Round "-"]
[White "Phillip Beckett"]
[Black "Chessibelle"]
[Result "1-0"]
[WhiteCountry "ENG"]
[BlackCountry "ENG"]
[WhiteElo "1499"]
[WhiteRD "52"]
[BlackElo "1055"]
[BlackRD "56"]
[GameID "740718"]

1. e4 e5 2. Nf3 g6 3. Nxe5 Nf6 4. Nc3 d6 5. Nf3 Be7 6. d4 O-O 7. Be2 Nc6 8. Bh6 Re8 9. O-O Ng4 10. Bd2 Bf6
11. d5 Ne7 12. h3 Ne5 13. Nxe5 dxe5 14. Bh6 c6 15. dxc6 Qc7 16. cxb7 Bxb7 17. Bf3 g5 18. Re1 Nc6 19. Nd5 Qd8 20. Qd2 a5
21. Nxf6+ Qxf6 22. Qxg5+ Qg6 23. Qxg6+ hxg6 24. Rad1 f5 25. exf5 Re7 26. fxg6 Re6 27. Rd7 Ba6 28. Bxc6
1-0

[Event "FAHIJ II"]
[Site "SchemingMind.com"]
[Date "2023.12.31"]
[Round "-"]
[White "Phillip Beckett"]
[Black "eliecercruzr"]
[Result "0-1"]
[WhiteCountry "ENG"]
[BlackCountry "CUB"]
[WhiteElo "1499"]
[WhiteRD "52"]
[BlackElo "2292"]
[BlackRD "59"]
[GameID "740719"]

1. e4 c5 2. Nf3 d6 3. d4 cxd4 4. Nxd4 Nf6 5. Nc3 a6 6. Bg5 e6 7. f4 Qb6 8. Qd2 Qxb2 9. Rb1 Qa3 10. Rb3 Qa5
11. Bd3 Be7 12. O-O Nbd7 13. Re1 Qc5 14. Bf1 e5 15. fxe5 dxe5 16. Kh1 Qxd4 17. Qxd4 exd4 18. Bxf6 Bxf6 19. Nd5 Be5 20. Bd3 b5
21. Rf1 Rb8 22. c4 Nc5 23. cxb5 Nxb3 24. axb3 axb5
0-1

[Event "FAHIJ II"]
[Site "SchemingMind.com"]
[Date "2023.12.30"]
[Round "-"]
[White "Archon"]
[Black "pmdpsp"]
[Result "1-0"]
[WhiteCountry "CAN"]
[BlackCountry "GER"]
[WhiteElo "1753"]
[WhiteRD "57"]
[BlackElo "1667"]
[BlackRD "72"]
[GameID "740720"]

1. d4 d5 2. Bf4 Nc6 3. e3 Nf6 4. Nf3 Bg4 5. Bb5 e6 6. h3 Bh5 7. Nbd2 Bd6 8. c3 Bxf4 9. exf4 O-O 10. g4 Bg6
11. Ne5 Nxe5 12. fxe5 Ne4 13. Nf3 c5 14. h4 h6 15. h5 Bh7 16. Bd3 cxd4 17. cxd4 Qb6 18. Qb3 Qxb3 19. axb3 f6 20. Ke2 fxe5
21. dxe5 Nc5 22. Bxh7+ Kxh7 23. Nd4 Rf4 24. Nb5 a6 25. f3 Nxb3 26. Ra3 Nd4+ 27. Ke3 Rxf3+ 28. Kxd4 Rxa3 29. Nxa3 g6 30. hxg6+ Kxg6
31. Nc2 Rc8 32. Ne3 b5 33. Rf1 Rc6 34. Rf6+ Kg5 35. b3 h5 36. gxh5 Kxh5 37. Nxd5
1-0

[Event "FAHIJ II"]
[Site "SchemingMind.com"]
[Date "2023.12.30"]
[Round "-"]
[White "marandreo"]
[Black "pmdpsp"]
[Result "1-0"]
[WhiteCountry "ITA"]
[BlackCountry "GER"]
[WhiteElo "2247"]
[WhiteRD "191"]
[BlackElo "1667"]
[BlackRD "72"]
[GameID "740721"]

1. d4 d5 2. c4 c6 3. Nc3 Nf6 4. Nf3 Bf5 5. cxd5 cxd5 6. Qb3 Bc8 7. Bg5 Qa5 8. Bxf6 gxf6 9. Qxd5 Qxd5 10. Nxd5 Kd8
11. g3 Be6 12. Nc3 Bh6 13. Bg2 Nd7 14. O-O Rc8 15. e3 Kc7 16. Rfc1 Kb8 17. a3 Nb6 18. Nd2 Rhd8 19. f4 Bd5 20. Nxd5 Nxd5
21. Bxd5 Rxd5 22. Rxc8+ Kxc8 23. Nf3 Rb5 24. b4 Kd7 25. Kf2 Bg7 26. Rc1 Rb6 27. Rc5 Ra6 28. Rc3 Kd6 29. e4 h6 30. Ke3 e6
31. Nh4 Rc6 32. Kd3 Rxc3+ 33. Kxc3 b5 34. Ng2 e5 35. Ne3 exd4+ 36. Kxd4 Kc6 37. h4 a6 38. Nd5 Kd6 39. h5 Bh8 40. Ne3 Kc6
41. Nf5 Kd7 42. Kd5 Kc7 43. Nxh6 Bg7 44. Nxf7
1-0

[Event "FAHIJ II"]
[Site "SchemingMind.com"]
[Date "2023.12.30"]
[Round "-"]
[White "pmdpsp"]
[Black "Phillip Beckett"]
[Result "1-0"]
[WhiteCountry "GER"]
[BlackCountry "ENG"]
[WhiteElo "1667"]
[WhiteRD "72"]
[BlackElo "1499"]
[BlackRD "52"]
[GameID "740722"]

1. g4 d5 2. Bg2 c6 3. h3 e5 4. Nc3 Bd6 5. d3 Be6 6. e4 d4 7. Nce2 Ne7 8. c3 dxc3 9. bxc3 Nd7 10. Nf3 O-O
11. Ng5 h6 12. Nxe6 fxe6 13. O-O Ng6 14. d4 exd4 15. cxd4 Bf4 16. d5 exd5 17. Nxf4 Nxf4 18. Bxf4 Rxf4 19. exd5 cxd5 20. Qxd5+ Kh7
21. Qxb7 Rb8 22. Qxa7 Rb2 23. Rad1
1-0

[Event "FAHIJ II"]
[Site "SchemingMind.com"]
[Date "2023.12.31"]
[Round "-"]
[White "malcolm chugg"]
[Black "pmdpsp"]
[Result "0-1"]
[WhiteCountry "WLS"]
[BlackCountry "GER"]
[WhiteElo "1134"]
[WhiteRD "52"]
[BlackElo "1667"]
[BlackRD "72"]
[GameID "740723"]

1. e3 Nf6 2. d3 e5 3. e4 Bc5 4. h3 d5 5. Bg5 O-O 6. Be2 Be6 7. Qd2 Qe7 8. a3 Rd8 9. Qc1 dxe4 10. Bxf6 Qxf6
11. c3 Qxf2+ 12. Kd1 exd3 13. Nf3 Bb3+ 14. Kd2 Be3#
0-1

[Event "FAHIJ II"]
[Site "SchemingMind.com"]
[Date "2023.12.30"]
[Round "-"]
[White "pmdpsp"]
[Black "Chessibelle"]
[Result "1-0"]
[WhiteCountry "GER"]
[BlackCountry "ENG"]
[WhiteElo "1667"]
[WhiteRD "72"]
[BlackElo "1055"]
[BlackRD "56"]
[GameID "740724"]

1. g4 g5 2. Bg2 d6 3. h3 Nf6 4. Nf3 b5 5. Nxg5 c6 6. Nc3 e6 7. Nxb5 d5 8. Nd4 Bc5 9. c3 Qd6 10. d3 Nbd7
11. Be3 Qe5 12. Nxc6 Qc7 13. Nd4 Ba6 14. Qa4 O-O 15. Qxa6 Qb8 16. Ndxe6 Qxb2 17. Rd1 Qxc3+ 18. Bd2 Qe5 19. Nxf8 Nxf8 20. Nf3 Qc7
21. Qxf6 Be7 22. Qd4 Ne6 23. Qxd5 Nc5 24. Qxa8+ Kg7 25. Rc1 Qb6 26. Qd5 Qf6 27. Rxc5 Qa1+ 28. Rc1 Qb2 29. Bc3+ Qxc3+ 30. Rxc3
1-0

[Event "FAHIJ II"]
[Site "SchemingMind.com"]
[Date "2023.12.31"]
[Round "-"]
[White "pmdpsp"]
[Black "eliecercruzr"]
[Result "0-1"]
[WhiteCountry "GER"]
[BlackCountry "CUB"]
[WhiteElo "1667"]
[WhiteRD "72"]
[BlackElo "2292"]
[BlackRD "59"]
[GameID "740725"]

1. g4 d5 2. Bg2 Nc6 3. e3 e5 4. Nc3 Be6 5. h3 h5 6. Nf3 hxg4 7. hxg4 Rxh1+ 8. Bxh1 e4 9. Nd4 Qh4 10. Nxe6 Qxh1+
11. Ke2 Qf3+ 12. Ke1 fxe6 13. Qxf3 exf3 14. Nb5 Kd7 15. b3 a6 16. Nc3 Nf6 17. d3 Be7 18. Bb2 Nxg4 19. Ne2 fxe2 20. Bxg7 Rg8
21. Bc3 Rf8 22. Kxe2 Rxf2+ 23. Ke1 Bh4
0-1

[Event "FAHIJ II"]
[Site "SchemingMind.com"]
[Date "2023.12.31"]
[Round "-"]
[White "malcolm chugg"]
[Black "Archon"]
[Result "0-1"]
[WhiteCountry "WLS"]
[BlackCountry "CAN"]
[WhiteElo "1134"]
[WhiteRD "52"]
[BlackElo "1753"]
[BlackRD "57"]
[GameID "740726"]

1. e3 e5 2. d3 d5 3. Nf3 Nc6 4. Nc3 Nf6 5. Nb5 a6 6. Nc3 Bb4 7. Bd2 O-O 8. e4 d4 9. Ne2 Bxd2+ 10. Qxd2 Bg4
11. Neg1 h6 12. h3 Be6 13. c4 dxc3 14. Qxc3 Qd6 15. Ne2 Rfd8 16. Nc1 Nxe4 17. dxe4 Qd1#
0-1

[Event "FAHIJ II"]
[Site "SchemingMind.com"]
[Date "2023.12.31"]
[Round "-"]
[White "malcolm chugg"]
[Black "marandreo"]
[Result "0-1"]
[WhiteCountry "WLS"]
[BlackCountry "ITA"]
[WhiteElo "1134"]
[WhiteRD "52"]
[BlackElo "2247"]
[BlackRD "191"]
[GameID "740727"]

1. e3 e5 2. d3 d5 3. Nf3 Bd6 4. Nc3 c6 5. e4 Nf6 6. exd5 cxd5 7. d4 e4 8. Nd2 Nc6 9. Bb5 O-O 10. Bxc6 bxc6
11. Qe2 a5 12. a4 Re8 13. Nf1 Ba6 14. Qd1 Rb8 15. Bg5 h6 16. Bd2 Rxb2 17. Rb1 Rb4 18. Ne2 Rxa4 19. Nc3 Rxd4 20. Qc1 Rb4
21. Ne2 Rxb1 22. Qxb1 Bxe2 23. Kxe2 d4 24. Qa2 Nd5 25. Bxa5 d3+ 26. cxd3 exd3+ 27. Kxd3 Nb4+ 28. Bxb4 Bxb4+ 29. Kc4 Qd5+ 30. Kxb4 Qxa2
31. Kc5 Qxf2+ 32. Kxc6 Re6+ 33. Kb5 Qd4 34. Ka5 Rb6 35. Ng3 Qb4#
0-1

[Event "FAHIJ II"]
[Site "SchemingMind.com"]
[Date "2023.12.30"]
[Round "-"]
[White "Phillip Beckett"]
[Black "malcolm chugg"]
[Result "1-0"]
[WhiteCountry "ENG"]
[BlackCountry "WLS"]
[WhiteElo "1499"]
[WhiteRD "52"]
[BlackElo "1134"]
[BlackRD "52"]
[GameID "740728"]

1. e4 e5 2. Nf3 d6 3. d4 f6 4. dxe5 Nc6 5. exd6 Bxd6 6. Be2 Bd7 7. O-O Qe7 8. Nc3 Bb4 9. Bd2 Bxc3 10. Bxc3 O-O-O
11. Bd3 Kb8 12. Qe2 Bg4 13. h3 Bd7 14. e5 g5 15. exf6 Qxe2 16. Bxe2 h6 17. f7 Rh7 18. fxg8=Q Rxg8 19. Bc4 Re8 20. Rad1 a6
21. Rfe1 Rxe1+ 22. Rxe1 Bf5 23. Nd4 Nxd4 24. Re8+ Ka7 25. Bxd4+ b6 26. Bd5 Bxc2 27. Ra8#
1-0

[Event "FAHIJ II"]
[Site "SchemingMind.com"]
[Date "2023.12.30"]
[Round "-"]
[White "Chessibelle"]
[Black "malcolm chugg"]
[Result "1-0"]
[WhiteCountry "ENG"]
[BlackCountry "WLS"]
[WhiteElo "1055"]
[WhiteRD "56"]
[BlackElo "1134"]
[BlackRD "52"]
[GameID "740729"]

1. Nf3 Nf6 2. g3 g6 3. d4 d5 4. e3 Bd7 5. Bg2 Bg4 6. O-O Nc6 7. Nc3 Ne4 8. Qe1 f6 9. h3 Bf5 10. a3 Nd6
11. Nxd5 Bxc2 12. b4 g5 13. Qe2 Be4 14. Nc3 Qd7 15. Nxe4 Nxe4 16. Qc2 Nd6 17. g4 Bh6 18. Bb2 e6 19. Qc3 O-O-O 20. Nd2 Rhf8
21. f3 Qe7 22. a4 a6 23. Nc4 Rf7 24. e4 Nxc4 25. Qxc4 Re8 26. Ba3 Nb8 27. Qd3 Qd7 28. b5 a5 29. Rfc1 Rd8 30. Rc4 b6
31. Rd1 Qd6 32. Qe2 Qxa3 33. e5 Qe7 34. Qe4 Rd7 35. f4 gxf4 36. Qb7+ Kd8 37. Qxb8#
1-0

[Event "FAHIJ II"]
[Site "SchemingMind.com"]
[Date "2023.12.31"]
[Round "-"]
[White "eliecercruzr"]
[Black "malcolm chugg"]
[Result "1-0"]
[WhiteCountry "CUB"]
[BlackCountry "WLS"]
[WhiteElo "2292"]
[WhiteRD "59"]
[BlackElo "1134"]
[BlackRD "52"]
[GameID "740730"]

1. e4 e5 2. Nf3 d6 3. d4 Be7 4. dxe5 Nc6 5. Bb5 Bd7 6. Bxc6 Bxc6 7. Nc3 Bh4 8. exd6 cxd6 9. Nxh4 Qxh4 10. Qxd6 Qe7
11. Qf4 O-O-O 12. O-O g5 13. Qf5+ Qe6 14. Qa5 Bxe4 15. Nxe4 Qxe4 16. Qc3+ Kb8 17. Qxh8 f6 18. Be3 Kc7 19. Rad1 Qe8 20. Qxh7+ Ne7
21. Bc5 Rd7 22. Rxd7+ Qxd7 23. Qxe7 Qxe7 24. Bxe7
1-0

[Event "FAHIJ II"]
[Site "SchemingMind.com"]
[Date "2024.01.01"]
[Round "-"]
[White "Steven DuCharme"]
[Black "JAHI"]
[Result "0-1"]
[WhiteCountry "USA"]
[BlackCountry "INT"]
[WhiteElo "1563"]
[WhiteRD "52"]
[BlackElo "2164"]
[BlackRD "84"]
[GameID "740731"]

1. b3 a6 2. Bb2 a5 3. a4 f6 4. Nf3 f5 5. h4 Nf6 6. e3 Na6 7. Bxf6 exf6 8. Nd4 g6 9. Nxf5 gxf5 10. Qh5+ Ke7
11. Qxf5 Qe8 12. Bc4 Nb4 13. c3 Nc6 14. O-O Ne5 15. Qe4 Qg6
0-1

[Event "FAHIJ II"]
[Site "SchemingMind.com"]
[Date "2024.01.01"]
[Round "-"]
[White "JAHI"]
[Black "Archon"]
[Result "1-0"]
[WhiteCountry "INT"]
[BlackCountry "CAN"]
[WhiteElo "2204"]
[WhiteRD "80"]
[BlackElo "1735"]
[BlackRD "67"]
[GameID "740732"]

1. a3 d5 2. a4 e5 3. Na3 Nc6 4. e3 a6 5. Be2 Nf6 6. Kf1 Be7 7. b3 Be6 8. Bb2 O-O 9. h3 Qd7 10. Nf3 Rad8
11. Nxe5 Nxe5 12. Bxe5 Ne4 13. d3 Nd6 14. Nb1 c5 15. Nd2 Rfe8 16. Kg1 c4 17. dxc4 dxc4 18. Nxc4 Nxc4 19. bxc4 Qc6 20. Bd4 Bxc4
21. Bxc4 Qxc4 22. Kh2 Bd6+ 23. g3 Bc7 24. Qf3 Qxc2 25. Rhc1
1-0

[Event "FAHIJ II"]
[Site "SchemingMind.com"]
[Date "2024.01.01"]
[Round "-"]
[White "mmccaffe"]
[Black "JAHI"]
[Result "0-1"]
[WhiteCountry "USA"]
[BlackCountry "INT"]
[WhiteElo "1775"]
[WhiteRD "66"]
[BlackElo "2197"]
[BlackRD "74"]
[GameID "740733"]

1. d4 f6 2. Nf3 f5 3. g3 Nf6 4. Bg2 a6 5. O-O a5 6. c4 Na6 7. b3 a4 8. bxa4 e6 9. Nc3 Bb4 10. Bd2 d6
11. Qc2 c6 12. a3 Bxc3 13. Bxc3 Ne4 14. Bb2 Qa5 15. Rfd1 Nc7 16. Nd2 d5 17. f3 Nxd2 18. Rxd2 Qxa4 19. cxd5 Qxc2 20. Rxc2 exd5
21. e4 dxe4 22. fxe4 fxe4 23. Bxe4 Be6 24. d5 Bxd5 25. Bxd5 Nxd5 26. Bxg7 Rg8 27. Bb2 Kd7 28. Rd2 Rge8 29. Rad1 Re4 30. Kg2 Kc7
31. Kf3 Re7 32. Rc1 Rf8+ 33. Kg2 Rf5 34. Rf2 Ne3+ 35. Kg1 Rxf2 36. Kxf2 Ng4+ 37. Kg1 Nxh2
0-1

[Event "FAHIJ II"]
[Site "SchemingMind.com"]
[Date "2024.01.01"]
[Round "-"]
[White "JAHI"]
[Black "Ronald R. Nurmi"]
[Result "1-0"]
[WhiteCountry "INT"]
[BlackCountry "USA"]
[WhiteElo "2204"]
[WhiteRD "80"]
[BlackElo "1675"]
[BlackRD "84"]
[GameID "740735"]

1. a3 g6 2. h3 b6 3. a4 Nc6 4. a5 bxa5 5. h4 h5 6. Nc3 Bg7 7. Na4 d6 8. e3 Bf5 9. Bb5 Bd7 10. Kf1 Nf6
11. d3 a6 12. Bxc6 Bxc6 13. e4 O-O 14. Nh3 Rb8 15. f3 Qd7 16. c3 e5 17. Kg1 Rb7 18. c4 Rb4 19. Nc3 a4 20. g3 Rfb8
21. Nf2 Qe8 22. g4 Ra8 23. Rh2 Rab8 24. Rg2 Qd7 25. Qe2 Re8 26. Bg5 Reb8 27. Nfd1 Nh7 28. gxh5 Nxg5 29. hxg5 Kf8 30. h6 Bh8
31. Nd5 Bxd5 32. cxd5 Ke7 33. Qc2 R8b7 34. Ne3 Qb5 35. Nc4 Qc5+ 36. Rf2 Qd4 37. Na5 R7b6 38. Qxc7+
1-0

[Event "FAHIJ II"]
[Site "SchemingMind.com"]
[Date "2024.01.01"]
[Round "-"]
[White "Aba"]
[Black "JAHI"]
[Result "0-1"]
[WhiteCountry "ISR"]
[BlackCountry "INT"]
[WhiteElo "1741"]
[WhiteRD "85"]
[BlackElo "2197"]
[BlackRD "74"]
[GameID "740736"]

1. e4 f6 2. d4 a6 3. Nf3 a5 4. Nc3 Na6 5. e5 e6 6. a3 d6 7. Bf4 d5 8. Bd3 f5 9. h3 c6 10. Qd2 h6
11. g4 g6 12. h4 b6 13. g5 h5 14. Na2 c5 15. c3 c4 16. Bc2 b5 17. O-O Bd7 18. Rab1 Bc6 19. Be3 Rh7 20. Rfc1 Rb7
21. Qe1 b4 22. axb4 axb4 23. cxb4 Nxb4 24. Nxb4 Bxb4 25. Qe2 Ra2 26. Qd1 Ne7 27. b3 Qa5 28. bxc4 dxc4 29. Bd2 Bxd2 30. Nxd2 Qd5
31. f3 Qxd4+ 32. Kg2 Rxb1 33. Rxb1 Nd5 34. Rb8+ Ke7
0-1

[Event "FAHIJ II"]
[Site "SchemingMind.com"]
[Date "2024.01.01"]
[Round "-"]
[White "Phillip Beckett"]
[Black "JAHI"]
[Result "0-1"]
[WhiteCountry "ENG"]
[BlackCountry "INT"]
[WhiteElo "1461"]
[WhiteRD "52"]
[BlackElo "2164"]
[BlackRD "84"]
[GameID "740737"]

1. e4 f6 2. d4 a6 3. Bd3 a5 4. e5 g6 5. c3 Na6 6. Qc2 Bg7 7. Bxg6+ hxg6 8. Qxg6+ Kf8 9. exf6 Nxf6 10. h4 Qe8
11. Qg3 d6 12. Bg5 Bh6 13. Nd2 Bxg5 14. hxg5 Rxh1 15. gxf6 Rxg1+ 16. Ke2 exf6+
0-1

[Event "FAHIJ II"]
[Site "SchemingMind.com"]
[Date "2024.01.01"]
[Round "-"]
[White "pmdpsp"]
[Black "JAHI"]
[Result "0-1"]
[WhiteCountry "GER"]
[BlackCountry "INT"]
[WhiteElo "1667"]
[WhiteRD "72"]
[BlackElo "2164"]
[BlackRD "84"]
[GameID "740738"]

1. e4 f6 2. d4 a6 3. Nf3 a5 4. a4 Na6 5. Bc4 g6 6. O-O Bg7 7. Bd2 b6 8. Bd5 c6 9. Bb3 Nh6 10. Re1 Kf8
11. d5 Nf7 12. c4 Bb7 13. Bc3 e6 14. dxe6 dxe6 15. Qe2 e5 16. Rd1 Qe7 17. Na3 Nc5 18. Bc2 Bh6 19. b4 Nxa4 20. Bd2 Bxd2
21. Qxd2 axb4 22. Nb1 Nb2 23. Rxa8+ Bxa8
0-1

[Event "FAHIJ II"]
[Site "SchemingMind.com"]
[Date "2024.01.01"]
[Round "-"]
[White "JAHI"]
[Black "malcolm chugg"]
[Result "1-0"]
[WhiteCountry "INT"]
[BlackCountry "WLS"]
[WhiteElo "2197"]
[WhiteRD "74"]
[BlackElo "1095"]
[BlackRD "65"]
[GameID "740739"]

1. a3 b5 2. Nc3 Ba6 3. e3 c6 4. e4 d5 5. exd5 Qd6 6. Nf3 e6 7. dxe6 Qxe6+ 8. Qe2 h6 9. Qxe6+ fxe6 10. d3 Bd6
11. g3 Bb7 12. Bg2 Nd7 13. Nd4 Ba6 14. a4 Be5 15. Nxc6 Bxc3+ 16. bxc3 Ngf6 17. Nb4 Nd5 18. Nxa6 Rc8 19. axb5 Nxc3 20. Bb7 Rd8
21. Nc7+ Ke7 22. Rxa7 Nc5 23. Ba3 Kd6 24. Bc6 Rc8 25. d4 Na4 26. Ne8+ Rhxe8 27. Rd7#
1-0

[Event "FAHIJ II"]
[Site "SchemingMind.com"]
[Date "2024.01.01"]
[Round "-"]
[White "Chessibelle"]
[Black "JAHI"]
[Result "0-1"]
[WhiteCountry "ENG"]
[BlackCountry "INT"]
[WhiteElo "1043"]
[WhiteRD "61"]
[BlackElo "2204"]
[BlackRD "80"]
[GameID "740740"]

1. Nf3 f6 2. d4 f5 3. e3 Nf6 4. g3 a6 5. Bc4 a5 6. a4 Na6 7. Bd2 b6 8. Nc3 Bb7 9. O-O e6 10. Ng5 Bb4
11. b3 h6 12. Nh3 Kf8 13. Nf4 Qe8 14. Be2 Kg8 15. f3 h5 16. h4 e5 17. Nd3 Bxc3 18. Bxc3 e4 19. Ne5 Rh6 20. f4 d6
21. Bc4+ Nd5 22. Qe2 c6 23. Rf2 dxe5 24. dxe5 Nc7 25. Qd2 Ba6 26. Qe2 Bxc4 27. Qxc4 b5 28. Qd4 Rd8 29. e6 Nxe6 30. Qd2 Ndxf4
31. Qe1 Nh3+ 32. Kg2 Nxf2 33. Qxf2 b4 34. Be5 Rd5 35. Bb2 Qd7 36. Qe2 f4 37. exf4 Nxf4+ 38. gxf4 Rg6+ 39. Kf2 Qa7+
0-1